Teste rápido de matemática - x 2 - Teste curto de matemática - Quiz 16 - Statistics

Estatísticas Gerais
  • Esse quiz foi jogado 87 vezes
  • A pontuação média é 18 de 20
Estatísticas das Respostas
Hint Resposta % Correto
57 114
97%
43 86
97%
96 192
95%
12 24
95%
133 266
95%
15 30
95%
17 34
95%
83 166
94%
90 180
94%
201 402
94%
325 650
92%
89 178
91%
167 334
89%
134 268
86%
157 314
86%
189 378
85%
266 532
83%
289 578
82%
389 778
80%
177 354
77%
Nenhum quiz correspondente encontrado
Distribuição das Pontuações
Porcentagem de Pessoas com Cada Pontuação
Percentil de Números Respondidos
Sua Pontuação Histórica
Você não jogou esse quiz